000 00775nam a2200253Ia 4500
003 OSt
005 20220918202534.0
006 a|||||r|||| 00| 0
007 ta
008 220917b |||||||| |||| 00| 0 eng d
024 _a101,969
037 _cTextual
040 _aARTS
_cARTS
_beng
041 _2eng
_aeng
082 _aV25:52.M90<--M70, L8
100 _aJagdish Raj
245 0 _aEconomic conflict in North India
_b A study of Landlord Tenant relations in Oudh 1870--1890
260 _aBombay
_bAllied Publishers
_c1978
300 _axiii, 259p. maps
_ccm.
500 _aAppendixes p240--245 (I--III); Bibliography p246--250
650 _aHISTORY
942 _hV25:52.M90<--M70, L8
_cTEXL
_2CC
999 _c225429
_d225429